Komentár k nariadeniu vlády Slovenskej republiky č. 3/1998 Z.z., ktorým sa v usmerňovaní miezd v roku 1998 upravujú kvalitatívne ukazovatele ...
Komentár k nariadeniu vlády Slovenskej republiky č. 3/1998 Z.z., ktorým sa v usmerňovaní miezd v roku 1998 upravujú kvalitatívne ukazovatele, primeranosť prírastku miezd ku kvalitatívnym ukazovateľom, výška regulačného odvodu, údaje na jeho výpočet, splatnosť odvodu, spôsob jeho úhrady a hodnotené o...
Saved in:
| Main Author: | |
|---|---|
| Other Authors: | |
| Format: | Book Chapter |
| Language: | Slovak |
| Subjects: | |
| Tags: |
No Tags, Be the first to tag this record!
|
MARC
| LEADER | 00000naa a2200000 4500 | ||
|---|---|---|---|
| 001 | r033716 | ||
| 005 | 20230926073103.0 | ||
| 041 | 0 | |a slo | |
| 044 | |a SK | ||
| 245 | 1 | 0 | |a Komentár k nariadeniu vlády Slovenskej republiky č. 3/1998 Z.z., ktorým sa v usmerňovaní miezd v roku 1998 upravujú kvalitatívne ukazovatele ... |c Dušan Dudík, Ľuboslava Minková |
| 520 | |a Komentár k nariadeniu vlády Slovenskej republiky č. 3/1998 Z.z., ktorým sa v usmerňovaní miezd v roku 1998 upravujú kvalitatívne ukazovatele, primeranosť prírastku miezd ku kvalitatívnym ukazovateľom, výška regulačného odvodu, údaje na jeho výpočet, splatnosť odvodu, spôsob jeho úhrady a hodnotené obdobie. Úplné znenie nariadenia vlády SR č. 3/1998 Z.z. | ||
| 610 | 2 | 0 | |a regulácia miezd |
| 610 | 2 | 0 | |a mzdy |
| 610 | 2 | 0 | |a odvody z prírastku miezd |
| 610 | 2 | 0 | |a odvody do rozpočtu štátneho |
| 610 | 2 | 0 | |a ukazovatele kvalitatívne |
| 610 | 2 | 0 | |a zákony |
| 610 | 2 | 0 | |a Slovensko |
| 610 | 2 | 0 | |a 1998 |
| 610 | 2 | 0 | |a komentáre |
| 100 | 1 | |a Dudík, Dušan | |
| 700 | 1 | |a Minková, Ľuboslava | |